000
00310nam a22001457a 4500
008
181011b xxu||||| |||| 00| 0 eng d
020
_a
0155027042
041
_a
eng
080
_a
311
082
_a
311
100
_a
55
101
_a
STA
245
_a
Analyzing multivariate
_c
CLIFF.N
942
_2
udc
_c
BK
999
_c
49344
_d
49344